[Event "Ano Liosia op"]
[Site "Athens"]
[Date "1997.??.??"]
[Round "7"]
[White "Passakos, Georgios"]
[Black "Cela, Altin"]
[Result "0-1"]
[WhiteElo "2165"]
[BlackElo "2450"]
[PlyCount "86"]
[EventDate "1997.01.??"]
[EventType "swiss"]
[EventRounds "9"]
[EventCountry "GRE"]
[SourceTitle "EXT 1998"]
[Source "ChessBase"]
[SourceDate "1997.11.17"]
[SourceVersion "1"]
[SourceVersionDate "1997.11.17"]
[SourceQuality "1"]

1. e4 c6 2. d4 d5 3. exd5 cxd5 4. Bd3 Nc6 5. c3 g6 6. Nf3 Bg7 7. Bf4 f6 8. 0-0 Nh6 9. Bxh6 Bxh6 10. c4 Bg4 11. cxd5 Qxd5 12. Nc3 Bxf3 13. Nxd5 Bxd1 14. Raxd1 0-0-0 15. Be4 f5 16. Bf3 e6 17. Ne3 Nxd4 18. Rc1+ Kb8 19. Rc4 Nxf3+ 20. gxf3 Bxe3 21. fxe3 Rd2 22. Rf2 Rxf2 23. Kxf2 Rc8 24. Rh4 h5 25. Kg3 Rc2 26. Rb4 e5 27. h4 Re2 28. Rb3 Rxe3 29. Rxe3 f4+ 30. Kf2 fxe3+ 31. Kxe3 Kc7 32. f4 Kd6 33. Ke4 exf4 34. Kxf4 Ke6 35. Ke4 Kf6 36. Kf4 g5+ 37. hxg5+ Kg6 38. Kf3 Kxg5 39. Kg3 h4+ 40. Kh3 Kh5 41. Kg2 Kg4 42. b3 h3+ 43. Kh2 Kh4 0-1

[Event "Ikaros 1st"]
[Site "Ikaros"]
[Date "1997.??.??"]
[Round "?"]
[White "Passakos, Georgios"]
[Black "Nikolaidis, Konstantinos"]
[Result "0-1"]
[WhiteElo "2165"]
[BlackElo "2340"]
[PlyCount "44"]
[EventDate "1997.??.??"]
[EventType "tourn"]
[EventRounds "13"]
[EventCountry "GRE"]
[EventCategory "2"]
[SourceTitle "EXT 2003"]
[Source "ChessBase"]
[SourceDate "2002.11.25"]
[SourceVersion "1"]
[SourceVersionDate "2002.11.25"]
[SourceQuality "1"]

1. e4 c6 2. d4 d5 3. e5 Bf5 4. Nf3 e6 5. Be2 c5 6. 0-0 Nc6 7. Nc3 Bg4 8. Be3 Bxf3 9. Bxf3 cxd4 10. Bxd4 Nge7 11. Bg4 Nxd4 12. Qxd4 Nc6 13. Qa4 Bc5 14. Qb5 Qe7 15. g3 a6 16. Qe2 Bd4 17. Kg2 Nxe5 18. f4 Nxg4 19. Qxg4 Bxc3 20. bxc3 0-0 21. a4 Rac8 22. Qf3 Qc5 0-1

[Event "Ikaros 1st"]
[Site "Ikaros"]
[Date "1997.??.??"]
[Round "?"]
[White "Passakos, Georgios"]
[Black "Papastavropoulos, Andreas"]
[Result "0-1"]
[WhiteElo "2165"]
[BlackElo "2305"]
[PlyCount "40"]
[EventDate "1997.??.??"]
[EventType "tourn"]
[EventRounds "13"]
[EventCountry "GRE"]
[EventCategory "2"]
[SourceTitle "EXT 2003"]
[Source "ChessBase"]
[SourceDate "2002.11.25"]
[SourceVersion "1"]
[SourceVersionDate "2002.11.25"]
[SourceQuality "1"]

1. e4 c5 2. c3 d6 3. d4 Nf6 4. Bd3 cxd4 5. cxd4 g6 6. Nc3 Bg7 7. h3 0-0 8. Nge2 Nc6 9. 0-0 Bd7 10. Be3 a6 11. Qd2 b5 12. Bh6 Qb6 13. Be3 Qb7 14. Rad1 Rac8 15. f4 b4 16. Nb1 Na5 17. Ng3 Nc4 18. Bxc4 Rxc4 19. b3 Rc7 20. Qd3 Bb5 0-1

[Event "Ikaros 1st"]
[Site "Ikaros"]
[Date "1997.??.??"]
[Round "?"]
[White "Passakos, Georgios"]
[Black "Trikaliotis, Georgios"]
[Result "1/2-1/2"]
[WhiteElo "2165"]
[BlackElo "2235"]
[PlyCount "39"]
[EventDate "1997.??.??"]
[EventType "tourn"]
[EventRounds "13"]
[EventCountry "GRE"]
[EventCategory "2"]
[SourceTitle "EXT 2003"]
[Source "ChessBase"]
[SourceDate "2002.11.25"]
[SourceVersion "1"]
[SourceVersionDate "2002.11.25"]
[SourceQuality "1"]

1. e4 d5 2. exd5 Nf6 3. Bb5+ Bd7 4. Bc4 Bg4 5. f3 Bc8 6. Nc3 Nbd7 7. Qe2 a6 8. Bb3 Nb6 9. Qe5 g6 10. Ne4 Bg7 11. c4 0-0 12. Qf4 Nh5 13. Qh4 f5 14. Nc3 Bf6 15. Qf2 e6 16. Nge2 exd5 17. cxd5 Qd6 18. d4 Bd7 19. Bh6 Rfe8 20. 0-0-0 1/2-1/2

[Event "Mitilini op"]
[Site "Mitilini"]
[Date "1996.??.??"]
[Round "?"]
[White "Passakos, Georgios"]
[Black "Gelashvili, Tamaz"]
[Result "0-1"]
[WhiteElo "2030"]
[BlackElo "2345"]
[PlyCount "102"]
[EventDate "1996.??.??"]
[EventType "swiss"]
[EventRounds "9"]
[EventCountry "GRE"]
[SourceTitle "EXT 2003"]
[Source "ChessBase"]
[SourceDate "2002.11.25"]
[SourceVersion "1"]
[SourceVersionDate "2002.11.25"]
[SourceQuality "1"]

1. e4 d6 2. d4 Nd7 3. Nf3 e5 4. Bc4 c6 5. 0-0 Be7 6. Nc3 Ngf6 7. a4 0-0 8. Qe2 exd4 9. Nxd4 Re8 10. Bb3 Bf8 11. Qc4 Ne5 12. Qe2 c5 13. Nf3 Bg4 14. Nxe5 Bxe2 15. Nxf7 c4 16. Nxd8 Bxf1 17. Ba2 Raxd8 18. Kxf1 Rc8 19. f3 d5 20. exd5 Bb4 21. d6 Bxd6 22. Nb5 Bxh2 23. Nxa7 Bg3 24. Bd2 Rc5 25. Bb4 Rh5 26. Bxc4+ Kh8 27. Kg1 Bf4 28. Re1 Rxe1+ 29. Bxe1 Be3+ 30. Bf2 Bxf2+ 31. Kxf2 Ra5 32. Nb5 Rxa4 33. Nd6 g6 34. Ke3 Rb4 35. b3 Rb6 36. Nc8 Rc6 37. Na7 Rc7 38. Kd4 Rd7+ 39. Kc5 Rd2 40. Bd3 Rxg2 41. Kb6 h5 42. Kxb7 h4 43. Nb5 Rg1 44. Nd6 h3 45. Ne4 Nxe4 46. Bxe4 Re1 47. Bd5 Re5 48. Bc6 Re6 49. Bd5 Rd6 50. Be4 Rd4 51. Bc6 Rf4 0-1

[Event "Ano Liosia op"]
[Site "Ano Liosia"]
[Date "1996.??.??"]
[Round "2"]
[White "Passakos, Georgios"]
[Black "Grivas, Efstratios"]
[Result "0-1"]
[WhiteElo "2030"]
[BlackElo "2475"]
[PlyCount "94"]
[EventDate "1996.??.??"]
[EventType "swiss"]
[EventRounds "9"]
[EventCountry "GRE"]
[SourceTitle "CBM 051 Extra"]
[Source "ChessBase"]
[SourceDate "1996.05.01"]
[SourceVersion "1"]
[SourceVersionDate "1996.05.01"]
[SourceQuality "1"]

1. e4 c5 2. c3 Nf6 3. e5 Nd5 4. d4 cxd4 5. Nf3 Nc6 6. Bc4 e6 7. Bxd5 exd5 8. 0-0 d6 9. Re1 dxe5 10. Nxe5 Nxe5 11. Rxe5+ Be6 12. Qxd4 Be7 13. Re1 0-0 14. Bf4 b6 15. Nd2 Bc5 16. Qd3 d4 17. Qg3 dxc3 18. Ne4 cxb2 19. Be5 f6 20. Bxb2 Bd4 21. Bxd4 Qxd4 22. Nd6 Qg4 23. Qxg4 Bxg4 24. h3 Bh5 25. g4 Bg6 26. Re7 Rad8 27. Nb5 a6 28. Nc7 Rf7 29. Rxf7 Bxf7 30. Nxa6 Rd3 31. Rc1 h5 32. Nb4 Rxh3 33. gxh5 Rxh5 34. Rc8+ Kh7 35. Rb8 b5 36. Kg2 Bc4 37. a3 Re5 38. Kg3 Re1 39. Rb7 Rg1+ 40. Kf4 Ra1 41. Ra7 Rf1 42. Kg3 Kh6 43. Nc2 Rg1+ 44. Kh2 Rc1 45. Ne3 Bd3 46. Ng4+ Kg6 47. Kg2 Ra1 0-1

[Event "Ano Liosia op"]
[Site "Ano Liosia"]
[Date "1996.??.??"]
[Round "6"]
[White "Passakos, Georgios"]
[Black "Lempert, Igor"]
[Result "0-1"]
[WhiteElo "2030"]
[BlackElo "2505"]
[PlyCount "44"]
[EventDate "1996.??.??"]
[EventType "swiss"]
[EventRounds "9"]
[EventCountry "GRE"]
[SourceTitle "CBM 051 Extra"]
[Source "ChessBase"]
[SourceDate "1996.05.01"]
[SourceVersion "1"]
[SourceVersionDate "1996.05.01"]
[SourceQuality "1"]

1. e4 e6 2. d4 d5 3. Nd2 Be7 4. e5 c5 5. dxc5 Nc6 6. Ngf3 Bxc5 7. Nb3 Bb6 8. Bd3 Nge7 9. 0-0 Ng6 10. Re1 0-0 11. Re2 Bd7 12. Bd2 Nh4 13. Nxh4 Qxh4 14. Be3 Nxe5 15. Bxb6 Nxd3 16. g3 Qg4 17. h3 Qg6 18. Qxd3 Qxd3 19. cxd3 axb6 20. Nd4 Ra4 21. Nf3 Bb5 22. Rd2 Rc8 0-1